Annual review of the RICS educational trust 2006 (Record no. 106771)
[ view plain ]
| 000 -LEADER | |
|---|---|
| fixed length control field | 02497cam a22002175a 4500 |
| 001 - CONTROL NUMBER | |
| control field | L137406 |
| 008 - FIXED-LENGTH DATA ELEMENTS--GENERAL INFORMATION | |
| fixed length control field | 070404s2007 xxko f 000 0 eng d |
| 035 ## - SYSTEM CONTROL NUMBER | |
| System control number | (Sirsi) u137406 |
| 041 0# - LANGUAGE CODE | |
| Language code of text/sound track or separate title | eng |
| 050 04 - LIBRARY OF CONGRESS CALL NUMBER | |
| Classification number | 333.00711 $2 18 |
| 110 2# - MAIN ENTRY--CORPORATE NAME | |
| Corporate name or jurisdiction name as entry element | Royal Institution of Chartered Surveyors |
| Subordinate unit | Education Trust |
| 9 (RLIN) | 47 |
| 245 00 - TITLE STATEMENT | |
| Title | Annual review of the RICS educational trust 2006 |
| Medium | [electronic resource] |
| 260 ## - PUBLICATION, DISTRIBUTION, ETC. | |
| Place of publication, distribution, etc. | London |
| Name of publisher, distributor, etc. | RICS |
| Date of publication, distribution, etc. | 2007 |
| 300 ## - PHYSICAL DESCRIPTION | |
| Extent | [24p.] |
| Other physical details | ill. |
| Dimensions | 21cm. |
| 505 2# - FORMATTED CONTENTS NOTE | |
| Formatted contents note | Delivering sustainability: improving energy efficiency in the Central Business District: exploring range of land uses in urban centres -- Improved determination of atmospheric Global Positioning System refraction models for environmental monitoring in the Canadian Arctic -- An exploration of the possibilities to develop mass appraisal methods -- Using GIS to develop and maintain a spatial data base, meeting the needs for public health decision makers in the Eastern Province of Cameroon -- The effects of land reform and tenure security on investments by private firms: the case of Zimbabwe, South Africa and Singapore -- A methodology for the whole life costing of sustainable design -- Inspiring Sri-Lankan reNewal and Development (ISLAND) -- An exploration of the ways in which investment decision-makers view comparative property choices -- An assessment of new techniques for rapid mapping in the coastal zone -- An investigation and analysis of deviations of house prices from fundamental values in terms of rational or irrational behaviour of investment -- Changes in agricultural land tenure in England and Wales -- Surveying local planning authorities to find out how they are implementing Section 106 in the context of changing national planning policy -- Are international real estate markets integrated? Evidence from chaotic dynamics -- This was the first annual collaborative award with the Real Estate Research Institute (RERI) -- Delivering affordable housing -? Links between the professions and how they can work better together |
| 520 ## - SUMMARY, ETC. | |
| Summary, etc. | Presents summaries of the 14 research projects which received funding totalling £69 032 from the Trust in 2006. Also details publications published as a result of this research and lists the individual trustees. |
| 651 #4 - SUBJECT ADDED ENTRY--GEOGRAPHIC NAME | |
| Geographic name | England and Wales |
| Chronological subdivision | 1543- |
| 690 ## - LOCAL SUBJECT ADDED ENTRY--TOPICAL TERM (OCLC, RLIN) | |
| Topical term or geographic name as entry element | CAREERS, EDUCATION AND TRAINING |
| 856 48 - ELECTRONIC LOCATION AND ACCESS | |
| Uniform Resource Identifier | <a href="https://www.rics.org/Global/Downloads/2006_Education_Trust_Annual_Review.pdf">https://www.rics.org/Global/Downloads/2006_Education_Trust_Annual_Review.pdf</a> |
| Public note | View the item free of charge at www.rics.org... |
| 942 ## - ADDED ENTRY ELEMENTS (KOHA) | |
| Suppress in OPAC | 0 |
| Withdrawn status | Lost status | Source of classification or shelving scheme | Damaged status | Not for loan | Home library | Current library | Shelving location | Date acquired | Total Checkouts | Full call number | Barcode | Date last seen | Copy number | Price effective from | Koha item type |
|---|---|---|---|---|---|---|---|---|---|---|---|---|---|---|---|
| Dewey Decimal Classification | London | London | RICS Boxes | 20/08/2007 | RICS 2007/11 | 30072305 | 06/08/2019 | 1 | 06/08/2019 | Archive | |||||
| Dewey Decimal Classification | London | London | RICS Boxes | 20/08/2007 | RICS 2007/11 | 30072304 | 06/08/2019 | 2 | 06/08/2019 | Reference material |